Lao động biển cả
Đây là một tác phẩm hiện thực phản ánh xã hội tư sản Pháp trong những ngày đầu của chế độ tư bản ở nước này. Qua tác phẩm này tác giả cũng xây dựng thành công một số nhân vật điển hình đại diện cho cái Thiện và cái Ác....
Đã lưu trong:
| 主要作者: | |
|---|---|
| 其他作者: | |
| 格式: | 圖書 |
| 語言: | Undetermined |
| 出版: |
Văn học
2015
|
| 主題: | |
| 在線閱讀: | http://lrc.tdmu.edu.vn/opac/search/detail.asp?aID=2&ID=26372 |
| 標簽: |
添加標簽
沒有標簽, 成為第一個標記此記錄!
|
| Thư viện lưu trữ: | Trung tâm Học liệu Trường Đại học Thủ Dầu Một |
|---|
| LEADER | 01022nam a2200205Ia 4500 | ||
|---|---|---|---|
| 001 | TDMU_26372 | ||
| 008 | 210410s9999 xx 000 0 und d | ||
| 082 | |a 690.74 | ||
| 090 | |b H509 | ||
| 100 | |a Hugo, Victor | ||
| 245 | 0 | |a Lao động biển cả | |
| 245 | 0 | |c Victor Hugo; Hoàng Lâm (dịch) | |
| 260 | |b Văn học | ||
| 260 | |c 2015 | ||
| 300 | |a 537 tr. | ||
| 520 | |a Đây là một tác phẩm hiện thực phản ánh xã hội tư sản Pháp trong những ngày đầu của chế độ tư bản ở nước này. Qua tác phẩm này tác giả cũng xây dựng thành công một số nhân vật điển hình đại diện cho cái Thiện và cái Ác. | ||
| 650 | |a Tiểu thuyết |z Pháp; Văn học Pháp |v Tiểu thuyết |y Thế kỷ 19 | ||
| 700 | |a Hoàng, Lâm | ||
| 856 | |u http://lrc.tdmu.edu.vn/opac/search/detail.asp?aID=2&ID=26372 | ||
| 980 | |a Trung tâm Học liệu Trường Đại học Thủ Dầu Một | ||